RAF Aircraft 2014 Quiz Stats

 Plays Quiz not verified by Sporcle

Also try: Tour de '-ance'
Challenge
Share
Tweet
Embed
Score 0/32 Timer 10:00
0 Plays Today
Category Aircraft % Correct
Combat AircraftTornado GR4
78.4%
HelicopterChinook
65.9%
Combat AircraftTyphoon FGR4
61.4%
HelicopterSea King
58%
Tanker & TransportVoyager
54.5%
Training AircraftHawk T1
51.1%
Tanker & TransportTriStar
46.6%
Training AircraftHawk T2
46.6%
Tanker & TransportVC10
44.3%
Training AircraftTucano T1
42%
ISTARSentinel R1
40.9%
Tanker & TransportC-130J Hercules
38.6%
Training AircraftTutor T1
38.6%
Smaller TransportBAe146
37.5%
Training AircraftGriffin HT1
36.4%
Tanker & TransportC-130K Hercules
31.8%
Category Aircraft % Correct
HelicopterPuma HC2
31.8%
HelicopterMerlin HC3
31.8%
Training AircraftSquirrel HT1
31.8%
Training AircraftVigilant T1
29.5%
Training AircraftViking T1
29.5%
Combat AircraftLightning II
28.4%
Smaller Transport Agusta
26.1%
Tanker & TransportC-17 Globemaster III
23.9%
Smaller TransportHS125
21.6%
ISTARShadow R1
19.3%
ISTARE-3D Sentry AEW1
17%
Training AircraftKing Air B200
15.9%
Tanker & TransportAtlas A400M
14.8%
HelicopterGriffin HAR2
12.5%
ISTARRC-135W Rivet Joint
9.1%
ISTARReaper MQ9A RPAS
9.1%

You're not logged in!

Compare scores with friends on all Sporcle quizzes.
Join for Free
OR
Log In

You Might Also Like...

Show Comments

Extras

Created Jul 20, 2014ReportFavoriteNominate
Tags:raf, RAF Aircraft

Top Quizzes Today


Score Distribution

Your Account Isn't Verified!

In order to create a playlist on Sporcle, you need to verify the email address you used during registration. Go to your Sporcle Settings to finish the process.

Report this User

Report this user for behavior that violates our Community Guidelines.

Details: